| 000 | 00508nam a2200181Ia 4500 | ||
|---|---|---|---|
| 003 | LK-CoDNM | ||
| 005 | 20240213144243.0 | ||
| 008 | 010623t1901 xxu||||| |||| 00| 1 Pali d | ||
| 040 |
_aLK-CoDNM _dLK-CoDNM _eLK-CoDNM |
||
| 041 |
_aPali _asin |
||
| 080 |
_a104 _bT 14 |
||
| 100 | _aStreelakshanaVibhaagaya | ||
| 245 | _aස්ත්රී ලක්ෂණ විභාගය | ||
| 246 | _aStreelakshanaVibhaagaya | ||
| 260 |
_bVidyaasaagara press _aColombo _c1901 |
||
| 300 | _b47p., 21 cm | ||
| 942 | _cBK | ||
| 999 |
_c85326 _d85326 |
||